Los humedales de Cantagallo, San Pablo y Simití : (Registro nro. 8753)
[ vista simple ]
| 000 -CABECERA | |
|---|---|
| Campo de control | 01667nam a22003137a 4500 |
| 005 - FECHA Y HORA DE LA ULTIMA TRANSACCION | |
| Campo de control | 20170419103238.0 |
| 008 - ELEMENTOS DE LONGITUD FIJA—INFORMACION GENERAL | |
| Campo de control | 141107b2014 ck il. |r||||a00| 0 spa d |
| 020 ## - ISBN | |
| ISBN | 9789588343952 |
| 040 ## - FUENTE DE CATALOGACIÓN | |
| Agencia catalogadora original | CO-BoIAVH |
| Agencia transcriptora | CO-BoIAVH |
| 041 ## - IDIOMA | |
| Código de idioma para texto/pista de sonido o título separado | Español |
| 044 ## - PAÍS DE PUBLICACIÓN | |
| País de publicación | Colombia |
| 082 04 - NUMERO DE CLASIFICACION DECIMAL DEWEY | |
| Número de clasificación | 333.918 |
| Número del ítem | V69h |
| 245 04 - MENCION DE TITULO | |
| Título | Los humedales de Cantagallo, San Pablo y Simití : |
| Parte restante del título | una propuesta para su delimitación desde el enfoque de los sistemas socioecológicos / |
| Mención de responsabilidad | editado por Sandra Vilardy y Jimena Cortés-Duque |
| 260 ## - PUBLICACION, DISTRIBUCION, ETC. (PIE DE IMPRENTA) | |
| Lugar de publicación, distribución, etc. | Bogotá : |
| Nombre del editor, distribuidor, etc. | Instituto de Investigación de Recursos Biológicos Alexander von Humboldt, |
| -- | Ministerio de Ambiente y Desarrollo Sostenible, |
| Fecha de publicación, distribución, etc. | 2014. |
| 300 ## - DESCRIPCION FISICA | |
| Extensión | 200 p. |
| Otros detalles físicos | fot. (col), tablas, mapas |
| Dimensiones | 28 cm. |
| 500 ## - NOTA GENERAL | |
| Nota general | Licencia Creative Commons CC de Atribución-Sin Derivar-No comercial |
| 500 ## - NOTA GENERAL | |
| Nota general | Convenio inter administrativo No. 12-098 con el Ministerio de Medio Ambiente y Desarrollo Sostenible |
| 504 ## - NOTA DE BIBLIOGRAFIA, ETC. | |
| Nota de bibliografía | Incluye referencias bibliográficas (pag. 177-184) |
| 505 ## - NOTA DE CONTENIDO | |
| Nota de contenido | Capítulo 1 - Principios y criterios para la delimitación de humedales de Colombia (pag. 19-39) |
| 505 ## - NOTA DE CONTENIDO | |
| Nota de contenido | Capítulo 2 - Modelo de delimitación de los humedales de Simití, San Pablo y Cantagallo (Bolívar) (pag. 41-168) |
| 650 16 - ASIENTO SECUNDARIO DE MATERIA - TERMINO TEMATICO | |
| Término temático o nombre geográfico como elemento de entrada | Humedales |
| Subdivisión general | monitoreo |
| -- | delimitación |
| Subdivisión geográfica | Bolivar (Dpt. Colombia) |
| 650 16 - ASIENTO SECUNDARIO DE MATERIA - TERMINO TEMATICO | |
| Término temático o nombre geográfico como elemento de entrada | Humedales |
| Subdivisión general | conservación |
| Subdivisión geográfica | Colombia |
| 651 ## - ASIENTO SECUNDARIO DE MATERIA - NOMBRE GEOGRAFICO | |
| Nombre geográfico | Colombia |
| Subdivisión general | Humedal |
| Subdivisión geográfica | Cantagallo (Bolivar) |
| 651 ## - ASIENTO SECUNDARIO DE MATERIA - NOMBRE GEOGRAFICO | |
| Nombre geográfico | Colombia |
| Subdivisión general | Humedal |
| Subdivisión geográfica | Simití (Bolivar) |
| 651 ## - ASIENTO SECUNDARIO DE MATERIA - NOMBRE GEOGRAFICO | |
| Nombre geográfico | Colombia |
| Subdivisión general | Humedal |
| Subdivisión geográfica | San Pablo (Colombia) |
| 700 0# - ASIENTO SECUNDARIO - NOMBRE PERSONAL | |
| Nombre personal | Vilardy-Quiroga, Sandra |
| Término de relación | ed. |
| 700 0# - ASIENTO SECUNDARIO - NOMBRE PERSONAL | |
| Nombre personal | Cortés-Duque, Jimena |
| Término de relación | ed. |
| 942 ## - ELEMENTOS ADICIONALES (KOHA) | |
| Sistema de clasificación | Dewey Decimal Classification |
| Tipo de ítem | Libro |
| Withdrawn status | Lost status | Sistema de Clasificación | Damaged status | No para préstamo | Colección | Inventariado | Ubicación Permanente | Ubicación actual | Fecha de adquisición | Fuente de Valor | Valor | Total Checkouts | Número topográfico | Inventario / Código de Barras | Date last seen | Ejemplar | Price effective from | Forma de adquisición | Tipo de material | Date checked out |
|---|---|---|---|---|---|---|---|---|---|---|---|---|---|---|---|---|---|---|---|---|
| Dewey Decimal Classification | Humboldt | Inventariado 2017 | Bogotá | Bogotá | 07/11/2014 | Instituto | 39000.00 | IAVH-333.918 V69h | 038419 | 07/11/2014 | Ej. 1 | 07/11/2014 | Institucional | Libro | ||||||
| Dewey Decimal Classification | Humboldt | Inventariado 2017 | Bogotá | Bogotá | 07/11/2014 | Instituto | 39000.00 | 1 | IAVH-333.918 V69h | 038418 | 28/11/2019 | Ej. 2 | 07/11/2014 | Institucional | Libro | 28/11/2019 | ||||
| Dewey Decimal Classification | Humboldt | Inventariado 2017 | Sala Fabio Quevedo | Sala Fabio Quevedo | 07/11/2014 | Instituto | 39000.00 | IAVH-333.918 V69h | 038417 | 07/11/2014 | Ej. 3 | 07/11/2014 | Institucional | Libro | ||||||
| Dewey Decimal Classification | Humboldt | Inventariado 2017 | Sala Fabio Quevedo | Sala Fabio Quevedo | 07/11/2014 | Instituto | 39000.00 | IAVH-333.918 V69h | 038416 | 07/11/2014 | Ej. 4 | 07/11/2014 | Institucional | Libro |